[Event "North American Open 2008"]
[Site "Las Vegas"]
[Date "2008.12.28"]
[Round "4.13"]
[White "Yanayt, Eugene"]
[Black "Heung, Christopher"]
[Result "1/2-1/2"]
[WhiteElo "2310"]
[BlackElo "2123"]
[PlyCount "77"]
[EventDate "2008.12.??"]
[SourceDate "2008.12.26"]

1. d4 Nf6 2. c4 g6 3. Nc3 Bg7 4. e4 d6 5. Nf3 O-O 6. Be2 e5 7. O-O Nc6 8. d5
Ne7 9. Ne1 Nd7 10. Be3 f5 11. f3 f4 12. Bf2 g5 13. a4 a5 14. Nd3 b6 15. b4 axb4
16. Nb5 Nf6 17. Be1 h5 18. Bxb4 Ng6 19. a5 bxa5 20. Rxa5 Rxa5 21. Bxa5 Rf7 22.
c5 Bf8 23. Qa1 g4 24. Rc1 g3 25. h3 Bxh3 26. gxh3 Qd7 27. Bf1 Nh4 28. Nxc7
Nxf3+ 29. Kh1 Ng5 30. c6 Qc8 31. Ne6 Nfxe4 32. c7 f3 33. Qb2 Nxe6 34. dxe6 Rg7
35. Qb8 g2+ 36. Bxg2 Rxg2 37. Be1 Qxe6 38. c8=Q Rg1+ 39. Kh2 1/2-1/2

[Event "North American Open 2008"]
[Site "Las Vegas"]
[Date "2008.12.28"]
[Round "4.16"]
[White "Rubsamen, Cornelius"]
[Black "Velikanov, Alexander"]
[Result "1-0"]
[WhiteElo "2266"]
[BlackElo "2046"]
[PlyCount "50"]
[EventDate "2008.12.??"]
[SourceDate "2008.12.26"]

1. e4 c5 2. c3 Nf6 3. e5 Nd5 4. Nf3 Nc6 5. Bc4 Nb6 6. Bb3 e6 7. d4 cxd4 8. cxd4
d6 9. Qe2 dxe5 10. dxe5 Be7 11. O-O O-O 12. Rd1 Qc7 13. Nc3 a6 14. Qe4 Bd7 15.
Bc2 g6 16. Bh6 Rfd8 17. a3 Na5 18. Qf4 Nac4 19. Ne4 Bc6 20. Nf6+ Kh8 21. Ng5
Rxd1+ 22. Rxd1 Bd8 23. Nfxh7 Bd5 24. Nf6 Nxe5 25. Qxe5 Qxe5 1-0

[Event "North American Open 2008"]
[Site "Las Vegas"]
[Date "2008.12.28"]
[Round "4.17"]
[White "Lamby, Philipp"]
[Black "Adelberg, David"]
[Result "1-0"]
[WhiteElo "2250"]
[BlackElo "2031"]
[PlyCount "91"]
[EventDate "2008.12.??"]
[SourceDate "2008.12.26"]

1. e4 c5 2. Nf3 d6 3. d4 cxd4 4. Nxd4 Nf6 5. Nc3 a6 6. Be2 e5 7. Nb3 Be7 8. O-O
O-O 9. Be3 Be6 10. f3 Nbd7 11. Qd2 Qc7 12. Nd5 Bxd5 13. exd5 Nb6 14. Bxb6 Qxb6+
15. Kh1 Rac8 16. c4 Rfe8 17. Bd3 Bf8 18. Rac1 g6 19. Qa5 Qe3 20. Rc3 Qa7 21.
Nd2 Bg7 22. Rb3 Re7 23. Qb6 Qxb6 24. Rxb6 Rd8 25. Nb3 Rdd7 26. Be4 Bh6 27. Re1
Ne8 28. g4 Kf8 29. Re2 Bg5 30. Na5 Rc7 31. Bc2 Bf4 32. b4 Red7 33. Ba4 Rd8 34.
Rxb7 Rxb7 35. Nxb7 Rb8 36. Bc6 Ke7 37. c5 h6 38. a4 a5 39. bxa5 dxc5 40. a6 Ra8
41. d6+ Nxd6 42. Nxd6 Rxa6 43. Nc8+ Kd8 44. Bb5 Re6 45. Na7 Kc7 46. Bc4 1-0

[Event "North American Open 2008"]
[Site "Las Vegas"]
[Date "2008.12.28"]
[Round "4.19"]
[White "Haessel, Dale"]
[Black "Hanken, Jerome"]
[Result "0-1"]
[WhiteElo "2210"]
[BlackElo "2200"]
[PlyCount "68"]
[EventDate "2008.12.??"]
[SourceDate "2008.12.26"]

1. d4 g6 2. Nf3 Bg7 3. c4 d5 4. cxd5 Nf6 5. Qa4+ Qd7 6. Qxd7+ Nbxd7 7. Nc3 Nb6
8. e4 O-O 9. Bf4 c6 10. dxc6 bxc6 11. Be2 Be6 12. O-O Nc4 13. Ng5 Nxb2 14. Nxe6
fxe6 15. Bc1 Rab8 16. Rb1 Na4 17. Rxb8 Nxc3 18. Rxf8+ Kxf8 19. Bc4 Nfxe4 20.
Be3 Nd5 21. Bxd5 cxd5 22. Rb1 Nd6 23. Rb8+ Kf7 24. Ra8 Nb5 25. a4 Nxd4 26. Rxa7
Nc6 27. Rc7 Na5 28. Bg5 Bf8 29. Bd2 Nc4 30. a5 Bg7 31. a6 Bd4 32. Bb4 Bb6 33.
Rxe7+ Kf6 34. a7 Bxa7 0-1

[Event "North American Open 2008"]
[Site "Las Vegas"]
[Date "2008.12.28"]
[Round "4.26"]
[White "Brownscombe, Tom"]
[Black "Moon, Ryan"]
[Result "1-0"]
[WhiteElo "2206"]
[BlackElo "2113"]
[PlyCount "53"]
[EventDate "2008.12.??"]
[SourceDate "2008.12.26"]

1. e4 c5 2. Nf3 d6 3. d4 cxd4 4. Nxd4 Nf6 5. Nc3 g6 6. Be3 Bg7 7. f3 O-O 8. Bc4
Nc6 9. Qd2 Bd7 10. O-O-O Rc8 11. Bb3 Ne5 12. h4 h5 13. Bh6 Bxh6 14. Qxh6 Rxc3
15. bxc3 Qc7 16. Qe3 a5 17. a3 Qc5 18. Kb2 Rc8 19. c4 b5 20. cxb5 Bxb5 21. Rhe1
a4 22. Ba2 Bc4 23. Rb1 Bd3 24. Ka1 Qxa3 25. Nb5 Qxa2+ 26. Kxa2 Rxc2+ 27. Ka1
1-0

[Event "North American Open 2008"]
[Site "Las Vegas"]
[Date "2008.12.28"]
[Round "5.2"]
[White "Shankland, Samuel"]
[Black "Ehlvest, Jaan"]
[Result "1/2-1/2"]
[WhiteElo "2425"]
[BlackElo "2646"]
[PlyCount "63"]
[EventDate "2008.12.??"]
[SourceDate "2008.12.26"]

1. e4 c5 2. Nf3 e6 3. d4 cxd4 4. Nxd4 a6 5. Nc3 d6 6. Bd3 Nf6 7. O-O Nbd7 8.
Kh1 b5 9. a3 Bb7 10. Qe2 Be7 11. f4 Qc7 12. Bd2 O-O 13. b4 Rfc8 14. Rac1 g6 15.
Nb3 Nb6 16. Na5 Rab8 17. a4 Nc4 18. Bxc4 bxc4 19. Nxb7 Qxb7 20. Rb1 d5 21. exd5
exd5 22. Qe5 Rd8 23. Rfe1 Rd7 24. Qd4 Ne4 25. Nxe4 dxe4 26. Qe3 Bf6 27. Bc3
Bxc3 28. Qxc3 Qd5 29. h3 Qd4 30. Qxd4 Rxd4 31. c3 Rd3 32. Rxe4 1/2-1/2

[Event "North American Open 2008"]
[Site "Las Vegas"]
[Date "2008.12.28"]
[Round "5.7"]
[White "Shabalov, Alexander"]
[Black "Sharavdorj, Dasheveg"]
[Result "1/2-1/2"]
[WhiteElo "2625"]
[BlackElo "2466"]
[PlyCount "77"]
[EventDate "2008.12.??"]
[SourceDate "2008.12.26"]

1. e4 e6 2. d4 d5 3. Nc3 Nf6 4. e5 Nfd7 5. f4 c5 6. Nf3 Nc6 7. Be3 cxd4 8. Nxd4
Bc5 9. Qd2 O-O 10. O-O-O a6 11. Qf2 Bxd4 12. Bxd4 b5 13. Kb1 b4 14. Na4 Nxd4
15. Qxd4 Qa5 16. b3 Bb7 17. Be2 Bc6 18. Nb2 Qc5 19. Bf3 a5 20. Qxc5 Nxc5 21.
Rd4 Rac8 22. Rc1 f6 23. exf6 Rxf6 24. c3 Be8 25. c4 Bg6+ 26. Ka1 Be4 27. Bxe4
dxe4 28. g3 g5 29. fxg5 Rf2 30. Na4 Nxa4 31. bxa4 Rxh2 32. Rxe4 Rd8 33. Rxe6
Rdd2 34. Rce1 Rxa2+ 35. Kb1 Rhb2+ 36. Kc1 Rc2+ 37. Kb1 Rab2+ 38. Ka1 Ra2+ 39.
Kb1 1/2-1/2

[Event "North American Open 2008"]
[Site "Las Vegas"]
[Date "2008.12.28"]
[Round "5.9"]
[White "Belliard, Luis"]
[Black "Hess, Robert"]
[Result "1-0"]
[WhiteElo "2207"]
[BlackElo "2544"]
[PlyCount "81"]
[EventDate "2008.12.??"]
[SourceDate "2008.12.26"]

1. d4 Nf6 2. Nf3 e6 3. c4 Bb4+ 4. Bd2 Qe7 5. Nc3 O-O 6. a3 Bxc3 7. Bxc3 Ne4 8.
Qc2 f5 9. e3 b6 10. Be2 Bb7 11. O-O d6 12. Rfd1 Nd7 13. b4 Rf6 14. d5 e5 15.
Nd2 Ng5 16. Nf1 Rg6 17. Kh1 Rf8 18. f3 Bc8 19. a4 Nf6 20. a5 Rh6 21. axb6 axb6
22. Be1 f4 23. exf4 exf4 24. c5 bxc5 25. bxc5 Bf5 26. cxd6 cxd6 27. Bd3 Bd7 28.
Bf2 Qe8 29. Ra7 Qh5 30. Be2 Nf7 31. Bd4 Ne5 32. Qb2 Qg5 33. Bxe5 dxe5 34. Bd3
Re8 35. d6 e4 36. Bxe4 Nxe4 37. fxe4 Bg4 38. Rd5 Qg6 39. d7 Rd8 40. Re5 Bxd7
41. Rxd7 1-0

[Event "North American Open 2008"]
[Site "Las Vegas"]
[Date "2008.12.28"]
[Round "5.10"]
[White "Becerra, Julio"]
[Black "Parry, Matt"]
[Result "1-0"]
[WhiteElo "2657"]
[BlackElo "2303"]
[PlyCount "87"]
[EventDate "2008.12.??"]
[SourceDate "2008.12.26"]

1. e4 e5 2. Nf3 Nc6 3. Bb5 a6 4. Ba4 Nf6 5. O-O b5 6. Bb3 Bc5 7. a4 Rb8 8. axb5
axb5 9. c3 d6 10. d4 Bb6 11. Na3 O-O 12. Nxb5 Bg4 13. Be3 exd4 14. cxd4 Nxe4
15. Qc2 Na5 16. Qxe4 Bxf3 17. Qxf3 Nxb3 18. Ra3 Na5 19. Ra4 c6 20. Na3 d5 21.
Rc1 Qd7 22. Qd1 Rfe8 23. Qc2 Re6 24. Rb4 Bc7 25. Rxb8+ Bxb8 26. Qa4 Nb7 27. Nb1
Qe8 28. Bd2 h6 29. g3 Bc7 30. Qa6 Nd8 31. Nc3 f6 32. b4 Nf7 33. Qd3 Qd7 34. Ra1
Nd6 35. Ra7 Qd8 36. Qa6 Ne8 37. Ra8 Qe7 38. b5 Qd7 39. b6 c5 40. bxc7 Rxa6 41.
c8=Q Qxc8 42. Rxc8 cxd4 43. Nxd5 Kf7 44. Rxe8 1-0

[Event "North American Open 2008"]
[Site "Las Vegas"]
[Date "2008.12.28"]
[Round "5.15"]
[White "Bournival, Braden"]
[Black "Lamby, Philipp"]
[Result "1/2-1/2"]
[WhiteElo "2369"]
[BlackElo "2250"]
[PlyCount "29"]
[EventDate "2008.12.??"]
[SourceDate "2008.12.26"]

1. e4 e5 2. Nf3 Nc6 3. Bb5 Nf6 4. O-O Nxe4 5. d4 a6 6. Ba4 b5 7. Bb3 d5 8. dxe5
Be6 9. Be3 Be7 10. c3 O-O 11. Nbd2 Qd7 12. Bc2 f5 13. exf6 Nxf6 14. Re1 Bd6 15.
Qb1 1/2-1/2

[Event "North American Open 2008"]
[Site "Las Vegas"]
[Date "2008.12.28"]
[Round "5.21"]
[White "Brownscombe, Tom"]
[Black "Naroditsky, Daniel"]
[Result "1/2-1/2"]
[WhiteElo "2206"]
[BlackElo "2379"]
[PlyCount "52"]
[EventDate "2008.12.??"]
[SourceDate "2008.12.26"]

1. e4 c5 2. Nf3 d6 3. d4 cxd4 4. Nxd4 Nf6 5. Nc3 a6 6. a4 e5 7. Nb3 Be6 8. Be2
Be7 9. O-O O-O 10. Be3 Nc6 11. Kh1 Rc8 12. f4 exf4 13. Rxf4 d5 14. exd5 Nxd5
15. Nxd5 Qxd5 16. Bc4 Qxd1+ 17. Rxd1 Rcd8 18. Be2 Rxd1+ 19. Bxd1 Bg5 20. Rf3
Rd8 21. Be2 Bxe3 22. Rxe3 Nb4 23. Nc5 Nxc2 24. Nxb7 Rb8 25. Rc3 Rxb7 26. Rxc2
Rb4 1/2-1/2

[Event "North American Open 2008"]
[Site "Las Vegas"]
[Date "2008.12.28"]
[Round "5.24"]
[White "Kudryavtsev, Vadim"]
[Black "Yanayt, Eugene"]
[Result "1-0"]
[WhiteElo "2185"]
[BlackElo "2310"]
[PlyCount "71"]
[EventDate "2008.12.??"]
[SourceDate "2008.12.26"]

1. Nf3 Nf6 2. c4 g6 3. Nc3 Bg7 4. e4 d6 5. d4 O-O 6. Be2 e5 7. O-O Nc6 8. d5
Ne7 9. Ne1 Nd7 10. Nd3 f5 11. Bd2 Nf6 12. f3 f4 13. c5 g5 14. Rc1 Rf7 15. cxd6
cxd6 16. Nb5 Ng6 17. Qc2 Ne8 18. a4 h5 19. Nf2 Bf8 20. h3 Rg7 21. Qb3 Nh4 22.
Rc2 a6 23. Na3 Nf6 24. Be1 g4 25. fxg4 hxg4 26. hxg4 Nh5 27. Nh1 Bxg4 28. Bxg4
Rxg4 29. Qh3 Qg5 30. Bxh4 Rxh4 31. Qe6+ Kh8 32. Rf3 Be7 33. Rh3 Rg8 34. Rxh4
Rg6 35. Rc8+ Kh7 36. Qf7+ 1-0

[Event "North American Open 2008"]
[Site "Las Vegas"]
[Date "2008.12.28"]
[Round "5.31"]
[White "Wall, Brian"]
[Black "Velikanov, Alexander"]
[Result "1/2-1/2"]
[WhiteElo "2229"]
[BlackElo "2046"]
[PlyCount "43"]
[EventDate "2008.12.??"]
[SourceDate "2008.12.26"]

1. e3 Nf6 2. Ne2 d5 3. d4 c5 4. c3 e6 5. h4 Nc6 6. Nf4 e5 7. dxe5 Nxe5 8. a4 a6
9. Na3 Bf5 10. Be2 Be7 11. h5 Qd7 12. Kf1 O-O-O 13. a5 g5 14. Nd3 Nc6 15. Nc2
Ne4 16. Bd2 Kb8 17. Be1 d4 18. exd4 cxd4 19. c4 Nc5 20. b4 Nxd3 21. Bxd3 Ne5
22. Bxf5 1/2-1/2

[Event "North American Open 2008"]
[Site "Las Vegas"]
[Date "2008.12.28"]
[Round "5.32"]
[White "Adelberg, David"]
[Black "Le, Cau"]
[Result "0-1"]
[WhiteElo "2031"]
[BlackElo "2220"]
[PlyCount "68"]
[EventDate "2008.12.??"]
[SourceDate "2008.12.26"]

1. d4 d5 2. c4 c6 3. Nf3 Nf6 4. Nc3 a6 5. c5 Bf5 6. Qb3 Ra7 7. Bf4 Nbd7 8. h3
e6 9. e3 Be7 10. Be2 Ne4 11. O-O g5 12. Bh2 g4 13. hxg4 Bxg4 14. Qc2 f5 15. Ne5
Bxe2 16. Qxe2 O-O 17. f3 Ng5 18. Nd3 Bf6 19. Bd6 Rf7 20. b4 Rg7 21. f4 Nf7 22.
Be5 Nh6 23. Ne1 Ra8 24. Nf3 Ng4 25. Nd1 Ndxe5 26. fxe5 Bh4 27. Qd2 Kh8 28. Rb1
Qe7 29. Rb3 Rag8 30. Rd3 Rg6 31. Nc3 Rh6 32. Ne2 Qe8 33. a4 Qh5 34. Nf4 Bf2+
0-1

[Event "North American Open 2008"]
[Site "Las Vegas"]
[Date "2008.12.28"]
[Round "5.34"]
[White "Huang, Richard"]
[Black "Haessel, Dale"]
[Result "0-1"]
[WhiteElo "2002"]
[BlackElo "2210"]
[PlyCount "70"]
[EventDate "2008.12.??"]
[SourceDate "2008.12.26"]

1. Nf3 Nf6 2. c4 g6 3. d4 Bg7 4. Nc3 d5 5. Bf4 O-O 6. e3 c5 7. cxd5 Nxd5 8.
Bxb8 Rxb8 9. Bc4 Nxc3 10. bxc3 b5 11. Be2 b4 12. cxb4 Rxb4 13. a3 Rb7 14. O-O
Qa5 15. Rc1 cxd4 16. Nxd4 Qxa3 17. Bc4 Rd7 18. Qe2 Bxd4 19. exd4 Rxd4 20. Ra1
Qb4 21. Rfc1 a5 22. Rab1 Qd6 23. Qa2 Bf5 24. Ra1 Rd2 25. Qxa5 Rb8 26. Rf1 Qd4
27. Rac1 Rbb2 28. Qa8+ Kg7 29. Qf3 e5 30. Qg3 h5 31. Rce1 Qxc4 32. Qxe5+ Kh7
33. Qf6 Be6 34. Qe7 Qf4 35. g3 Rxf2 0-1

[Event "North American Open 2008"]
[Site "Las Vegas"]
[Date "2008.12.29"]
[Round "6.5"]
[White "Ehlvest, Jaan"]
[Black "Lee, Michael"]
[Result "1/2-1/2"]
[WhiteElo "2646"]
[BlackElo "2326"]
[PlyCount "61"]
[EventDate "2008.12.??"]
[SourceDate "2008.12.26"]

1. c4 Nf6 2. Nf3 g6 3. Nc3 Bg7 4. e4 d6 5. d4 O-O 6. Be2 e5 7. Be3 Ng4 8. Bg5
f6 9. Bh4 g5 10. Bg3 Nh6 11. d5 a5 12. Nd2 Na6 13. a3 Bd7 14. O-O Qe8 15. b3 g4
16. b4 axb4 17. axb4 Nxb4 18. Qb3 Na6 19. Qxb7 Qc8 20. Qxc8 Rfxc8 21. Nb3 Rcb8
22. Nb5 Nf7 23. Ra5 Bxb5 24. cxb5 Nc5 25. Rxa8 Rxa8 26. Nxc5 dxc5 27. Bxg4 Nd6
28. Be6+ Kh8 29. f4 Nxe4 30. fxe5 fxe5 31. Rc1 1/2-1/2

[Event "North American Open 2008"]
[Site "Las Vegas"]
[Date "2008.12.29"]
[Round "6.6"]
[White "Becerra, Julio"]
[Black "Belliard, Luis"]
[Result "1-0"]
[WhiteElo "2657"]
[BlackElo "2207"]
[PlyCount "45"]
[EventDate "2008.12.??"]
[SourceDate "2008.12.26"]

1. e4 c5 2. Nf3 d6 3. d4 cxd4 4. Nxd4 Nf6 5. Nc3 a6 6. Bg5 e6 7. f4 Nbd7 8. Bc4
Qa5 9. Qe2 h6 10. Bxf6 Nxf6 11. O-O-O Qh5 12. Qe1 Bd7 13. f5 e5 14. Nf3 g5 15.
Nd5 Nxd5 16. Bxd5 g4 17. Nd2 Rb8 18. f6 Qg5 19. Rf1 Be6 20. Kb1 h5 21. Nc4 Bxd5
22. Rxd5 b5 23. Nxe5 1-0

[Event "North American Open 2008"]
[Site "Las Vegas"]
[Date "2008.12.29"]
[Round "6.7"]
[White "Mezentsev, Vladimir"]
[Black "Shabalov, Alexander"]
[Result "0-1"]
[WhiteElo "2440"]
[BlackElo "2625"]
[PlyCount "54"]
[EventDate "2008.12.??"]
[SourceDate "2008.12.26"]

1. e4 c5 2. Nf3 Nc6 3. Bb5 e6 4. O-O Nge7 5. c3 a6 6. Ba4 b5 7. Bc2 Bb7 8. d4
cxd4 9. Nxd4 Rc8 10. Be3 Qc7 11. Nb3 Ng6 12. Nc5 Bxc5 13. Bxc5 Nce5 14. Bd6 Qb6
15. b4 Nc4 16. Bg3 O-O 17. a4 f5 18. exf5 exf5 19. Qd4 Qxd4 20. cxd4 f4 21.
Bxg6 fxg3 22. axb5 Ne3 23. hxg3 Nxf1 24. Bd3 Rc1 25. Bxf1 Re8 26. bxa6 Bxa6 27.
Rxa6 Rxb1 0-1

[Event "North American Open 2008"]
[Site "Las Vegas"]
[Date "2008.12.29"]
[Round "6.10"]
[White "Anderson, Renard"]
[Black "Sarkar, Justin"]
[Result "0-1"]
[WhiteElo "2200"]
[BlackElo "2517"]
[PlyCount "72"]
[EventDate "2008.12.??"]
[SourceDate "2008.12.26"]

1. e4 g6 2. d4 Bg7 3. Nc3 d6 4. Bg5 a6 5. Qd2 b5 6. a3 Bb7 7. f4 Nd7 8. Nf3 c5
9. d5 h6 10. Bh4 Ngf6 11. Bd3 c4 12. Be2 Nc5 13. Qe3 Ng4 14. Qd2 Qa5 15. O-O
Bxc3 16. bxc3 Nxe4 17. Qd4 Ngf6 18. Kh1 g5 19. Be1 gxf4 20. Nh4 Bxd5 21. Nf5
Qc7 22. Rxf4 e5 23. Rxe4 Bxe4 24. Nxd6+ Kd7 25. Qxe5 Qxd6 26. Rd1 Bd5 27. Qd4
Rhe8 28. Bg3 Qe6 29. Bf3 Kc6 30. Bf2 Kb7 31. Qxf6 Qxf6 32. Rxd5 Qxf3 33. gxf3
Rad8 34. Rf5 Rd2 35. Rxf7+ Kc8 36. Bg3 Ree2 0-1

[Event "North American Open 2008"]
[Site "Las Vegas"]
[Date "2008.12.29"]
[Round "6.11"]
[White "Sevillano, Enrico"]
[Black "Rubsamen, Cornelius"]
[Result "1-0"]
[WhiteElo "2565"]
[BlackElo "2266"]
[PlyCount "67"]
[EventDate "2008.12.??"]
[SourceDate "2008.12.26"]

1. e4 e6 2. d4 d5 3. Nc3 Bb4 4. Qd3 Ne7 5. Bd2 Nd7 6. a3 dxe4 7. Qxe4 Nf6 8.
Qd3 Bd6 9. Nf3 O-O 10. Bg5 Ng6 11. Ne4 Be7 12. h4 Bd7 13. Bxf6 Bxf6 14. h5 Nf4
15. Qd2 Nd5 16. h6 g6 17. c4 Nb6 18. Nxf6+ Qxf6 19. Ne5 Rfd8 20. Ng4 Qe7 21.
Qf4 f5 22. Ne5 c5 23. dxc5 Qxc5 24. b4 Qe7 25. Be2 Be8 26. Rh3 a5 27. b5 Qc5
28. Re3 Qd4 29. Qxd4 Rxd4 30. Nf3 Rg4 31. Rxe6 Na4 32. Re7 Re4 33. Rg7+ Kf8 34.
Ng5 1-0

[Event "North American Open 2008"]
[Site "Las Vegas"]
[Date "2008.12.29"]
[Round "6.17"]
[White "Hess, Robert"]
[Black "Heung, Christopher"]
[Result "1-0"]
[WhiteElo "2544"]
[BlackElo "2123"]
[PlyCount "125"]
[EventDate "2008.12.??"]
[SourceDate "2008.12.26"]

1. e4 e6 2. d4 d5 3. Nc3 Nf6 4. Bg5 Bb4 5. e5 h6 6. Bd2 Bxc3 7. bxc3 Ne4 8. Qg4
g6 9. Bd3 Nxd2 10. Kxd2 c5 11. h4 c4 12. Be2 Nd7 13. Rh3 Qe7 14. Qf4 b6 15. Nf3
Bb7 16. Nh2 f6 17. Ng4 f5 18. Ne3 O-O-O 19. Qh2 Rdf8 20. g4 fxg4 21. Bxg4 h5
22. Be2 Rf7 23. Rg3 Nf8 24. Rgg1 Bc6 25. a4 a5 26. Rab1 Qd8 27. Bxc4 dxc4 28.
Nxc4 Rb7 29. Nd6+ Kb8 30. c4 Rhh7 31. Qf4 Rhd7 32. Rg3 Ka7 33. Rd3 Rxd6 34.
exd6 Nd7 35. Re1 Nf8 36. d5 exd5 37. cxd5 Bd7 38. Re7 Bf5 39. Rxb7+ Kxb7 40.
Rc3 Nd7 41. Rc7+ Kb8 42. f3 Qg8 43. Qd4 Nc5 44. Rc6 Kb7 45. Qc4 Qh8 46. Rxb6+
Kxb6 47. Qb5+ Ka7 48. Qxc5+ Kb7 49. Qb5+ Ka7 50. Qxa5+ Kb8 51. Qc7+ Ka8 52. d7
Bxd7 53. Qxd7 Qd4+ 54. Ke2 Qc4+ 55. Ke3 Qc3+ 56. Ke4 Qe1+ 57. Kd4 Qxh4+ 58. Kc5
Qf2+ 59. Kb5 h4 60. Qc8+ Ka7 61. Qc7+ Ka8 62. Ka6 Qe2+ 63. c4 1-0

[Event "North American Open 2008"]
[Site "Las Vegas"]
[Date "2008.12.29"]
[Round "6.20"]
[White "Parry, Matt"]
[Black "Brownscombe, Tom"]
[Result "1-0"]
[WhiteElo "2303"]
[BlackElo "2206"]
[PlyCount "51"]
[EventDate "2008.12.??"]
[SourceDate "2008.12.26"]

1. e4 c5 2. Nf3 e6 3. b3 Nc6 4. Bb2 Nf6 5. e5 Nd5 6. c4 Nf4 7. g3 Ng6 8. h4 Qc7
9. Qe2 h5 10. Bg2 Nge7 11. Bh3 b6 12. Nc3 Ng6 13. O-O-O Bb7 14. Nb5 Qb8 15.
Rhe1 a6 16. Nd6+ Bxd6 17. exd6 Qxd6 18. Bxg7 Rg8 19. Bf6 Nb4 20. d4 cxd4 21.
Nxd4 Qc7 22. Bxe6 fxe6 23. Nxe6 dxe6 24. Qxe6+ Kf8 25. Rd7 Nd3+ 26. Rxd3 1-0

[Event "North American Open 2008"]
[Site "Las Vegas"]
[Date "2008.12.29"]
[Round "6.21"]
[White "Haessel, Dale"]
[Black "Yang, Darwin"]
[Result "1/2-1/2"]
[WhiteElo "2210"]
[BlackElo "2299"]
[PlyCount "65"]
[EventDate "2008.12.??"]
[SourceDate "2008.12.26"]

1. d4 d5 2. c4 c6 3. Nf3 Nf6 4. Qc2 e6 5. g3 Nbd7 6. Bg2 Be7 7. O-O O-O 8. Nbd2
b6 9. e4 Bb7 10. e5 Ne8 11. b3 Rc8 12. Bb2 Qc7 13. a4 c5 14. Ba3 Nb8 15. cxd5
Bxd5 16. Rfc1 Qb7 17. b4 Nd7 18. bxc5 bxc5 19. Rab1 Qa8 20. Ne1 Nc7 21. Ne4 Na6
22. Qe2 Qc6 23. Nc3 Bxg2 24. Nxg2 Rfe8 25. Nb5 Qa8 26. Nf4 Bf8 27. Nd6 Bxd6 28.
Qxa6 Bf8 29. Rb7 cxd4 30. Rxa7 Rxc1+ 31. Bxc1 Qd8 32. Qb5 Nc5 33. Ba3 1/2-1/2

[Event "North American Open 2008"]
[Site "Las Vegas"]
[Date "2008.12.29"]
[Round "6.30"]
[White "Velikanov, Alexander"]
[Black "De Guzman, Ricardo"]
[Result "1/2-1/2"]
[WhiteElo "2046"]
[BlackElo "2430"]
[PlyCount "92"]
[EventDate "2008.12.??"]
[SourceDate "2008.12.26"]

1. e4 e5 2. Nf3 Nc6 3. Bb5 a6 4. Ba4 Nf6 5. d3 b5 6. Bb3 Be7 7. O-O O-O 8. a4
b4 9. Nbd2 d6 10. Nc4 h6 11. h3 Kh8 12. c3 Rb8 13. Qc2 Be6 14. a5 Qc8 15. Be3
Nh7 16. d4 f5 17. dxe5 fxe4 18. Nd4 Nxd4 19. cxd4 d5 20. Nd2 Ng5 21. f4 exf3
22. Nxf3 Nxf3+ 23. Rxf3 Rxf3 24. gxf3 c5 25. dxc5 d4 26. Bxe6 Qxe6 27. Bxd4 Rd8
28. Qe4 Qxh3 29. Rc1 Qg3+ 30. Kh1 Bg5 31. Rc2 Bf4 32. Rf2 Qh4+ 33. Kg2 Qh2+ 34.
Kf1 Qh1+ 35. Ke2 Qc1 36. Kd3 Qb1+ 37. Kc4 Qa2+ 38. b3 Qxa5 39. Qb7 Rxd4+ 40.
Kxd4 Qa1+ 41. Kd3 Qc3+ 42. Ke2 Qc2+ 43. Kf1 Qb1+ 44. Kg2 Qg6+ 45. Kf1 Qb1+ 46.
Kg2 Qg6+ 1/2-1/2

[Event "North American Open 2008"]
[Site "Las Vegas"]
[Date "2008.12.29"]
[Round "6.31"]
[White "Gallegos, Paul"]
[Black "Adelberg, David"]
[Result "1-0"]
[WhiteElo "2200"]
[BlackElo "2031"]
[PlyCount "114"]
[EventDate "2008.12.??"]
[SourceDate "2008.12.26"]

1. e4 c5 2. Nf3 d6 3. d4 cxd4 4. Nxd4 Nf6 5. Nc3 a6 6. Bc4 e6 7. O-O b5 8. Bb3
Be7 9. Qf3 Qc7 10. Qg3 Nc6 11. Nf5 exf5 12. Qxg7 Rf8 13. Bg5 b4 14. Bxf6 bxc3
15. Bxc3 f4 16. Qxh7 Ne5 17. f3 Bd7 18. Rad1 Bb5 19. Rfe1 Bf6 20. Qf5 Qe7 21.
Bb4 Rd8 22. Ba5 Rb8 23. Bc7 Qxc7 24. Qxf6 Rd8 25. Qxf4 Rg8 26. Rd2 Qa7+ 27. Kh1
Qe7 28. Red1 Rg6 29. a4 Bc6 30. Rd4 Kf8 31. Bd5 Kg7 32. Bxc6 Nxc6 33. R4d2 Ne5
34. b3 Rb8 35. Qe3 Rb7 36. Qd4 Qh4 37. g3 Qh5 38. f4 Qf3+ 39. Kg1 Rb4 40. Qf2
Qxf2+ 41. Kxf2 Ng4+ 42. Kf3 Nf6 43. Rd4 Rxd4 44. Rxd4 Ne8 45. b4 Kf6 46. Rc4
Ke7 47. Rc6 d5 48. exd5 Rxc6 49. dxc6 Kd6 50. b5 axb5 51. axb5 Kc5 52. c4 Nd6
53. h4 Nxc4 54. c7 Nd6 55. h5 Kb6 56. c8=Q Nxc8 57. h6 Ne7 1-0

[Event "North American Open 2008"]
[Site "Las Vegas United States"]
[Date "2008.12.29"]
[Round "7.3"]
[White "Matikozyan, Andranik"]
[Black "Becerra, Julio"]
[Result "0-1"]
[WhiteElo "2450"]
[BlackElo "2657"]
[PlyCount "46"]
[EventDate "2008.12.26"]
[SourceDate "2008.12.26"]

1. e4 e5 2. Nf3 Nc6 3. Bb5 a6 4. Ba4 Nf6 5. Qe2 b5 6. Bb3 Be7 7. O-O O-O 8. c3
d5 9. d3 Bb7 10. exd5 Nxd5 11. Nxe5 Nxe5 12. Qxe5 a5 13. d4 Re8 14. Bc2 c5 15.
Na3 Bf6 16. Qg3 cxd4 17. Nxb5 dxc3 18. Nxc3 Nxc3 19. bxc3 Ba6 20. Qh3 g6 21.
Bh6 Bxf1 22. Rxf1 Qc8 23. Qf3 Qxc3 0-1

[Event "North American Open 2008"]
[Site "Las Vegas United States"]
[Date "2008.12.29"]
[Round "7.4"]
[White "Ehlvest, Jaan"]
[Black "Antonio Jr, Rogelio"]
[Result "1-0"]
[WhiteElo "2646"]
[BlackElo "2580"]
[PlyCount "87"]
[EventDate "2008.12.26"]
[SourceDate "2008.12.26"]

1. d4 Nf6 2. Nf3 e6 3. c4 c5 4. Nc3 cxd4 5. Nxd4 Qb6 6. g3 Nc6 7. Nb3 Ne5 8. e4
Bb4 9. Qe2 d6 10. f4 Nc6 11. Be3 Bxc3+ 12. bxc3 Qc7 13. Bg2 e5 14. O-O b6 15.
fxe5 dxe5 16. c5 Be6 17. Rxf6 gxf6 18. Rf1 h5 19. Rxf6 h4 20. g4 h3 21. Bf1 Qe7
22. g5 Rg8 23. Kh1 Rg6 24. Rf2 Qb7 25. Qf3 Ne7 26. Nd2 O-O-O 27. Nc4 Nf5 28.
Nxe5 Nxe3 29. Qxe3 Rxg5 30. Qxg5 Qxe4+ 31. Kg1 bxc5 32. Ba6+ Kc7 33. Qe7+ Rd7
34. Qxc5+ Kd8 35. Be2 Bd5 36. Nf3 Qg4+ 37. Kf1 Qe4 38. Qf8+ Kc7 39. Qb4 Qe3 40.
Qb2 Bc4 41. Nd4 Re7 42. Ke1 Re5 43. Qd2 Qe4 44. Qf4 1-0

[Event "North American Open 2008"]
[Site "Las Vegas United States"]
[Date "2008.12.29"]
[Round "7.5"]
[White "Shabalov, Alexander"]
[Black "Bryant, John"]
[Result "1-0"]
[WhiteElo "2625"]
[BlackElo "2407"]
[PlyCount "105"]
[EventDate "2008.12.26"]
[SourceDate "2008.12.26"]

1. e4 c5 2. Nf3 d6 3. d4 cxd4 4. Nxd4 Nf6 5. Nc3 a6 6. Bg5 e6 7. Qe2 Be7 8. f4
h6 9. Bh4 Nxe4 10. Bxe7 Nxc3 11. Qc4 Kxe7 12. Qxc3 Re8 13. O-O-O Kf8 14. Be2
Qb6 15. Nf3 d5 16. g4 Nc6 17. a3 Qc7 18. Ne5 Re7 19. Qe3 Nxe5 20. fxe5 Bd7 21.
g5 Rc8 22. Rd2 Qc5 23. Qh3 Ke8 24. gxh6 gxh6 25. Qxh6 Kd8 26. h4 b5 27. Qf4 a5
28. Rh3 b4 29. Qd4 Bb5 30. Qxc5 Rxc5 31. Bd1 Rc4 32. h5 Re8 33. Rf2 Ke7 34.
Rhf3 Rf8 35. Be2 Rc5 36. Bxb5 Rxb5 37. h6 bxa3 38. bxa3 Rb7 39. h7 Ke8 40. Rc3
Ke7 41. Rg2 Rh8 42. Rg7 Rd7 43. Kd2 d4 44. Rc5 Rdd8 45. Rc7+ Rd7 46. Rxf7+ Kxf7
47. Rxd7+ Kg6 48. Kd3 Rf8 49. Kxd4 Rf4+ 50. Kc5 Rh4 51. Kd6 Kf5 52. Rf7+ Ke4
53. c4 1-0